| 000 | 00669nam a2200193Ia 4500 | ||
|---|---|---|---|
| 003 | LDD | ||
| 008 | 190117s9999 xx 000 0 und d | ||
| 020 | _c₹10 | ||
| 040 | _cLDD | ||
| 041 | _ahi | ||
| 082 | _a8S2.09 त्रि7806वि -3 | ||
| 100 | _aत्रिवेदी,मातृदत्त | ||
| 245 | 0 |
_aविशारवदत्त _cमातृदत्त त्रिवेदी |
|
| 250 | _aतृतीय सं. | ||
| 260 |
_aनई दिल्ली _bसाहित्य अकादमी _c1992 |
||
| 300 | _a108पृ. | ||
| 440 | _aभारतीय साहित्य के निर्माता | ||
| 942 |
_2ddc _cH |
||
| 999 |
_c160872 _d160872 |
||